| 000 | 00606nam a2200193 a 4500 | ||
|---|---|---|---|
| 001 | 2675 | ||
| 005 | 20140414131911.0 | ||
| 008 | 040601s19uu xx 00 eng d | ||
| 020 | _a1-55222-921-1 | ||
| 050 |
_aER _bD54 1995 |
||
| 100 | _aPaula Martyr, Ill. | ||
| 245 |
_aDial a times table / _cillustrated by Paula Martyr. |
||
| 260 |
_aOntario: _bRegency House, _c1995. |
||
| 300 | _a1 v. (unp.) : ill. ; cm. | ||
| 520 | _aTurn the wheel, match the colour to find the answer. | ||
| 650 |
_aMultiplication table _xJuvenile literature. |
||
| 650 |
_aMathematics _xJuvenile literature. |
||
| 999 |
_c111213 _d111213 |
||